MARC

LEADER 00000nas a2200000 i 4500
001 ssj0001476626
003 WaSeSS
005 20200512172242.0
006 m d
007 cr n
008 140708c20139999cauqx p s g 0 0eng c
010 |a  2016250503 
022 |l 2334-1610  |y 2334-1610 
035 |a (WaSeSS)ssj0001476626 
040 |a UCILW  |b eng  |e pn  |c UCILW  |d UCILW  |d UCO  |d OCLCA  |d OCLCF  |d OCL  |d OCLCO  |d BUF  |d OCLCO  |d CLU  |d AU@  |d OCLCO  |d OCL  |d UAB  |d OCLCO  |d UUM  |d OCLCO  |d WaSeSS 
042 |a pcc 
043 |a n-us--- 
050 1 4 |a K23  |b .A55 
082 1 4 |a 343.73  |2 23 
245 0 0 |a Santa Clara high technology law journal  |h [electronic resource]. 
246 1 |a High-technology law journal 
246 1 |a Santa Clara High Tech. L. J. 
246 1 |a CHTLJ 
260 |a Santa Clara, CA :  |b Santa Clara University School of Law,  |c [2013]- 
310 |a Four no. an academic year 
362 1 |a Began with v. 30, no. 1 (December 2013). 
506 |a License restrictions may limit access. 
588 |a Description based on print version record. 
588 |a Latest issue consulted: Volume 31, number 2 (2015) (HeinOnline, viewed February 16, 2016). 
650 0 |a High technology industries  |x Law and legislation  |z United States  |v Periodicals. 
650 0 |a High technology  |x Government policy  |z United States  |v Periodicals. 
650 0 |a Technology and law  |z United States  |v Periodicals. 
650 0 |a Intellectual property  |z United States  |v Periodicals. 
650 0 |a Technological innovations  |x Law and legislation  |z United States  |v Periodicals. 
650 7 |a High technology  |x Government policy.  |2 fast  |0 (OCoLC)fst00956408 
650 7 |a High technology industries  |x Law and legislation.  |2 fast  |0 (OCoLC)fst00956453 
650 7 |a Intellectual property.  |2 fast  |0 (OCoLC)fst00975774 
650 7 |a Technological innovations  |x Law and legislation.  |2 fast  |0 (OCoLC)fst01145033 
650 7 |a Technology and law.  |2 fast  |0 (OCoLC)fst01145264 
651 7 |a United States.  |2 fast  |0 (OCoLC)fst01204155 
655 0 |a Electronic journals. 
710 2 |a Santa Clara University (Calif.).  |b School of Law. 
776 0 8 |i Print version:  |t Santa Clara high technology law journal  |x 2334-1610  |w (DLC) 2014200036  |w (OCoLC)872116106 
780 0 0 |t Santa Clara computer and high-technology law journal  |w (DLC) 2007266106  |w (OCoLC)61311507 
856 4 0 |z Full text available from Research Library: 11/01/2004 to present  |u https://search.proquest.com/publication/45158